Villes de plus de 30 000 habitants sur une carte de France - Statistiques

Statistiques générales
  • Ce quiz a été pris 1 408 fois
  • Le résultat moyen est 123 sur 283
Réponses sur la Carte
Les réponses sont colorées sur une échelle allant du rouge au vert en fonction du pourcentage des utilisateurs qui les ont devinées à leur premier essai. Vous pouvez retrouver ces pourcentages ci-dessous.
 
Statistiques - réponses
Population Ville % Correct
2 133 111 habitants Paris
96%
236 710 habitants Lille
93%
873 076 habitants Marseille
93%
522 250 habitants Lyon
92%
348 085 habitants Nice
91%
291 313 habitants Strasbourg
91%
504 078 habitants Toulouse
91%
261 804 habitants Bordeaux
90%
323 204 habitants Nantes
90%
225 081 habitants Rennes
90%
139 619 habitants Brest
89%
302 454 habitants Montpellier
87%
108 200 habitants Caen
83%
166 058 habitants Le Havre
83%
113 942 habitants | 154 765 habitants Saint-Denis
83%
159 346 habitants Dijon
82%
172 718 habitants Saint-Étienne
82%
73 822 habitants Ajaccio
81%
86 788 habitants Dunkerque
81%
157 477 habitants Grenoble
81%
119 656 habitants Perpignan
81%
147 327 habitants Clermont-Ferrand
80%
120 874 habitants Metz
80%
179 380 habitants Reims
80%
114 083 habitants Rouen
80%
180 452 habitants Toulon
80%
78 535 habitants La Rochelle
79%
116 617 habitants Orléans
79%
157 175 habitants Angers
78%
48 768 habitants Bastia
78%
133 625 habitants Amiens
77%
67 380 habitants Calais
77%
137 658 habitants Tours
77%
145 004 habitants Le Mans
76%
104 260 habitants Nancy
76%
148 104 habitants Nîmes
76%
77 066 habitants Pau
76%
63 642 habitants Quimper
75%
73 255 habitants Cannes
74%
83 587 habitants Versailles
74%
131 715 habitants Annecy
73%
30 909 habitants Baie-Mahault
73%
129 760 habitants Limoges
73%
57 846 habitants Lorient
73%
52 749 habitants Bayonne
72%
147 478 habitants Aix-en-Provence
71%
106 341 habitants Mulhouse
71%
90 240 habitants Poitiers
71%
47 323 habitants Saint-Malo
71%
54 420 habitants Vannes
71%
90 330 habitants Avignon
70%
77 808 habitants Cherbourg-en-Cotentin
70%
119 198 habitants Besançon
69%
67 730 habitants Colmar
69%
98 892 habitants Roubaix
67%
62 782 habitants Troyes
67%
156 928 habitants Villeurbanne
67%
46 218 habitants Carcassonne
66%
72 057 habitants Saint-Nazaire
66%
80 341 habitants Béziers
65%
32 618 habitants Lens
65%
64 483 habitants Valence
65%
34 778 habitants Auxerre
64%
45 155 habitants Belfort
63%
63 468 habitants Cayenne
62%
49 657 habitants Laval
62%
44 224 habitants Saint-Brieuc
62%
63 702 habitants Bourges
61%
59 856 habitants Chambéry
61%
59 309 habitants Niort
61%
99 011 habitants Tourcoing
61%
38 447 habitants Chartres
60%
66 177 habitants Évry-Courcouronnes
60%
74 921 habitants Fort-de-France
60%
54 952 habitants La Roche-sur-Yon
60%
56 395 habitants Narbonne
60%
42 600 habitants Arras
59%
56 677 habitants Beauvais
59%
47 289 habitants Évreux
59%
41 086 habitants Angoulême
58%
61 919 habitants Montauban
58%
42 991 habitants Valenciennes
58%
49 714 habitants Albi
57%
46 813 habitants Blois
57%
42 968 habitants Châteauroux
57%
97 351 habitants Nanterre
57%
50 415 habitants Arles
56%
119 808 habitants Boulogne-Billancourt
56%
40 910 habitants Boulogne-sur-Mer
56%
46 398 habitants Charleville-Mézières
56%
92 989 habitants Créteil
56%
30 412 habitants Menton
55%
32 485 habitants Agen
53%
40 500 habitants Gap
53%
44 712 habitants Sète
53%
43 955 habitants Tarbes
53%
48 402 habitants Les Sables-d'Olonne
52%
32 830 habitants Nevers
52%
84 077 habitants Saint-Pierre
52%
75 130 habitants Antibes
51%
68 348 habitants Cergy
51%
42 367 habitants Melun
51%
75 729 habitants Mérignac
51%
30 674 habitants Mont-de-Marsan
51%
34 448 habitants Mâcon
50%
71 437 habitants Mamoudzou
50%
111 455 habitants Montreuil
50%
107 221 habitants Argenteuil
49%
41 525 habitants Bourg-en-Bresse
49%
32 285 habitants Épinal
49%
57 082 habitants Fréjus
49%
64 001 habitants Ivry-sur-Seine
49%
105 240 habitants Saint-Paul
49%
52 958 habitants Saint-Quentin
49%
46 599 habitants Brive-la-Gaillarde
48%
55 103 habitants Hyères
48%
37 027 habitants Thonon-les-Bains
48%
55 056 habitants Bobigny
47%
53 936 habitants Cholet
47%
90 071 habitants Aubervilliers
46%
55 616 habitants Meaux
46%
42 672 habitants Castres
45%
40 394 habitants Compiègne
45%
66 760 habitants Pessac
44%
68 580 habitants Issy-les-Moulineaux
43%
68 009 habitants Levallois-Perret
43%
59 267 habitants Neuilly-sur-Seine
43%
43 892 habitants Alès
42%
43 877 habitants Châlons-en-Champagne
42%
45 031 habitants Chalon-sur-Saône
42%
44 539 habitants Mantes-la-Jolie
42%
48 568 habitants Martigues
42%
40 399 habitants Montélimar
42%
39 648 habitants Douai
41%
66 363 habitants Vénissieux
41%
47 342 habitants Aubagne
40%
64 849 habitants Clichy
40%
30 879 habitants Dreux
40%
31 327 habitants Pontoise
40%
42 163 habitants Thionville
40%
48 798 habitants Vincennes
40%
34 762 habitants Roanne
39%
35 950 habitants Saint-Raphaël
39%
62 067 habitants Villeneuve-d'Ascq
39%
37 918 habitants Annemasse
38%
63 232 habitants Antony
38%
48 323 habitants Grasse
38%
44 577 habitants Istres
38%
62 763 habitants La Seyne-sur-Mer
38%
81 943 habitants Le Tampon
38%
33 342 habitants Montluçon
38%
96 205 habitants Vitry-sur-Seine
38%
88 870 habitants Colombes
37%
44 380 habitants Saint-Germain-en-Laye
37%
31 051 habitants Vienne
37%
35 913 habitants Villefranche-sur-Saône
37%
89 662 habitants Asnières-sur-Seine
36%
36 106 habitants Creil
36%
50 962 habitants Massy
36%
53 207 habitants Saint-Ouen-sur-Seine
36%
58 424 habitants Sarcelles
36%
41 153 habitants Anglet
35%
52 118 habitants Les Abymes
35%
60 800 habitants Pantin
35%
57 753 habitants Villejuif
35%
86 135 habitants Aulnay-sous-Bois
34%
31 425 habitants Cambrai
34%
39 745 habitants Draguignan
34%
71 363 habitants Drancy
34%
78 186 habitants Rueil-Malmaison
33%
52 905 habitants Bondy
32%
81 516 habitants Courbevoie
32%
35 715 habitants Haguenau
32%
50 250 habitants Saint-Laurent-du-Maroni
32%
31 874 habitants Aix-les-Bains
31%
38 183 habitants Joué-lès-Tours
31%
49 537 habitants Saint-Herblain
31%
43 049 habitants Bron
30%
54 491 habitants Clamart
30%
52 683 habitants Corbeil-Essonnes
30%
36 987 habitants La Ciotat
30%
47 160 habitants La Courneuve
30%
47 657 habitants Montrouge
30%
42 998 habitants Rezé
30%
51 845 habitants Sevran
30%
52 139 habitants Vaulx-en-Velin
30%
52 580 habitants Cagnes-sur-Mer
29%
30 769 habitants Carpentras
29%
31 284 habitants Châtellerault
29%
34 893 habitants Palaiseau
29%
40 016 habitants Poissy
29%
75 441 habitants Saint-Maur-des-Fossés
29%
30 813 habitants Bègles
28%
36 849 habitants Échirolles
28%
33 003 habitants Marignane
28%
77 724 habitants Champigny-sur-Marne
27%
49 410 habitants Gennevilliers
27%
43 672 habitants Puteaux
27%
44 731 habitants Salon-de-Provence
27%
45 225 habitants Talence
27%
48 822 habitants Saint-Priest
26%
33 472 habitants Nogent-sur-Marne
25%
70 374 habitants Noisy-le-Grand
25%
32 911 habitants Romans-sur-Isère
25%
39 366 habitants Bagnolet
24%
40 159 habitants Colomiers
24%
58 068 habitants Maisons-Alfort
24%
30 292 habitants Malakoff
24%
46 342 habitants Meudon
24%
53 935 habitants Saint-Louis
24%
38 454 habitants Saint-Martin-d'Hères
24%
33 717 habitants Trappes
24%
51 812 habitants Fontenay-sous-Bois
23%
37 023 habitants Saint-Benoît
23%
45 046 habitants Alfortville
22%
43 699 habitants Bagneux
22%
43 572 habitants Caluire-et-Cuire
22%
58 257 habitants Le Blanc-Mesnil
22%
33 336 habitants Le Port
22%
46 094 habitants Noisy-le-Sec
22%
45 655 habitants Rosny-sous-Bois
22%
57 150 habitants Saint-André
22%
34 344 habitants Sainte-Marie
22%
54 309 habitants Chelles
21%
42 841 habitants Garges-lès-Gonesse
21%
31 392 habitants L'Haÿ-les-Roses
21%
37 531 habitants Neuilly-sur-Marne
21%
51 220 habitants Sartrouville
21%
34 129 habitants Schiltigheim
21%
49 104 habitants Suresnes
21%
35 532 habitants Vitrolles
21%
36 777 habitants Châtillon
20%
46 129 habitants Choisy-le-Roi
20%
53 489 habitants Épinay-sur-Seine
20%
41 597 habitants Le Cannet
20%
39 356 habitants Marcq-en-Barœul
19%
38 725 habitants Villepinte
19%
30 592 habitants Cachan
18%
35 068 habitants Saint-Chamond
18%
37 271 habitants Tremblay-en-France
18%
40 836 habitants Wattrelos
18%
30 149 habitants Liévin
17%
33 266 habitants Romainville
16%
40 359 habitants Stains
16%
35 926 habitants Conflans-Sainte-Honorine
15%
40 189 habitants Gagny
15%
33 449 habitants Houilles
15%
39 641 habitants Le Lamentin
15%
33 977 habitants Les Mureaux
15%
46 028 habitants Livry-Gargan
15%
31 375 habitants Plaisir
15%
36 203 habitants Six-Fours-les-Plages
15%
35 492 habitants Villeneuve-Saint-Georges
15%
35 882 habitants Meyzieu
14%
31 777 habitants Montigny-le-Bretonneux
14%
38 258 habitants Pontault-Combault
14%
30 941 habitants Saint-Laurent-du-Var
14%
34 893 habitants Saint-Leu
14%
32 538 habitants Saint-Médard-en-Jalles
14%
40 500 habitants Villenave-d'Ornon
14%
37 520 habitants Franconville
13%
38 807 habitants Saint-Joseph
13%
30 669 habitants Villiers-sur-Marne
13%
31 045 habitants Viry-Châtillon
13%
32 017 habitants Bezons
12%
34 898 habitants Châtenay-Malabry
12%
31 247 habitants Rillieux-la-Pape
12%
30 693 habitants Goussainville
11%
32 379 habitants Pierrefitte-sur-Seine
11%
31 097 habitants Thiais
11%
36 222 habitants Athis-Mons
10%
31 605 habitants Herblay-sur-Seine
10%
35 245 habitants La Possession
10%
37 371 habitants Savigny-sur-Orge
10%
30 924 habitants Le Chesnay-Rocquencourt
9%
34 213 habitants Le Perreux-sur-Marne
9%
35 846 habitants Sainte-Geneviève-des-Bois
9%
30 332 habitants Villemomble
9%
32 156 habitants Koungou
8%
30 510 habitants Savigny-le-Temple
8%
34 810 habitants Matoury
6%
31 050 habitants Vigneux-sur-Seine
5%
Aucun quiz correspondant
Distribution des résultats
% des personnes avec chaque résultat
Percentile par nombre de réponses
Votre historique - résultats
Vous n’avez pas pris ce quiz